[Event "Goch op 27th"]
[Site "Goch"]
[Date "2016.09.03"]
[Round "5"]
[White "Emeljanov, Anatolij"]
[Black "Spenk, Willi"]
[Result "1-0"]
[WhiteElo "1909"]
[BlackElo "1701"]
[PlyCount "109"]
[EventDate "2016.09.01"]
[EventType "swiss"]
[EventRounds "7"]
[EventCountry "GER"]
[SourceTitle "EXT 2018"]
[Source "ChessBase"]
[SourceDate "2017.10.13"]
[SourceVersion "1"]
[SourceVersionDate "2017.10.13"]
[SourceQuality "1"]

1. e4 b6 2. d4 Bb7 3. Bd3 e6 4. Nf3 Ne7 5. Be3 d6 6. c4 g6 7. Nc3 Bg7 8. 0-0 Nd7 9. Qd2 h6 10. Rfe1 g5 11. d5 e5 12. g3 Ng6 13. Qe2 Nf6 14. Nd2 Qd7 15. f3 Qh3 16. Qf2 Qd7 17. b4 Ba6 18. a4 Nh5 19. Nb3 Qe7 20. Nb5 Bc8 21. c5 a6 22. cxd6 cxd6 23. Na3 Rb8 24. Rac1 0-0 25. a5 b5 26. Bb6 Bd7 27. Rc7 Rbc8 28. Rec1 Rxc7 29. Rxc7 Rc8 30. Qc2 Qe8 31. Rxc8 Qxc8 32. Qxc8+ Bxc8 33. Nxb5 axb5 34. Bxb5 Ne7 35. a6 f5 36. Na5 Bxa6 37. Bxa6 fxe4 38. fxe4 Nf6 39. Bd3 Nc8 40. Be3 Nd7 41. Nc4 Bf6 42. Bc2 Bd8 43. Kf2 Ndb6 44. Nxb6 Nxb6 45. Kf3 Kf7 46. h4 gxh4 47. gxh4 Bc7 48. Bxh6 Kg6 49. Bg5 Nc4 50. Kg4 Bb6 51. h5+ Kg7 52. Kf5 Ne3+ 53. Bxe3 Bxe3 54. Ke6 Ba7 55. b5 1-0

[Event "Dortmund Sparkassen op-B 44th"]
[Site "Dortmund"]
[Date "2016.07.14"]
[Round "6"]
[White "Spenk, Willi"]
[Black "Schrimpl, Michael"]
[Result "1/2-1/2"]
[WhiteElo "1596"]
[BlackElo "1516"]
[PlyCount "59"]
[EventDate "2016.07.09"]
[EventType "swiss"]
[EventRounds "9"]
[EventCountry "GER"]
[SourceTitle "CBM 173 Extra"]
[Source "ChessBase"]
[SourceDate "2016.08.29"]
[SourceVersion "1"]
[SourceVersionDate "2016.08.29"]
[SourceQuality "1"]

1. e4 d6 2. d4 Nf6 3. Nc3 g6 4. Be3 Bg7 5. Qd2 0-0 6. Bh6 c5 7. Bxg7 Kxg7 8. 0-0-0 cxd4 9. Qxd4 Nc6 10. Qe3 Qa5 11. Bc4 Ne5 12. Bb3 a6 13. Nd5 Nxd5 14. Rxd5 Qc7 15. f4 Nc6 16. h4 Be6 17. Rd3 Bxb3 18. Rxb3 b5 19. f5 Ne5 20. Ne2 Qa7 21. Qf4 Rac8 22. Rc3 b4 23. Rxc8 Rxc8 24. Rf1 f6 25. fxg6 hxg6 26. Kb1 Qc5 27. Qd2 a5 28. Nd4 Qc4 29. Rd1 Qg8 30. Qe2 1/2-1/2

[Event "Goch op 24th"]
[Site "Goch"]
[Date "2013.09.08"]
[Round "6"]
[White "Boldt, Manfred"]
[Black "Spenk, Willi"]
[Result "0-1"]
[WhiteElo "1887"]
[BlackElo "1703"]
[PlyCount "77"]
[EventDate "2013.09.05"]
[EventType "swiss"]
[EventRounds "7"]
[EventCountry "GER"]
[SourceTitle "EXT 2015"]
[Source "ChessBase"]
[SourceDate "2014.11.20"]
[SourceVersion "1"]
[SourceVersionDate "2014.11.20"]
[SourceQuality "1"]

1. e4 d6 2. d4 g6 3. Be3 Bg7 4. Bd3 Nf6 5. f3 0-0 6. Qd2 e5 7. d5 Nbd7 8. c4 a6 9. a4 Nc5 10. Bc2 Bd7 11. b4 Nfxe4 12. fxe4 Nxe4 13. Bxe4 Qh4+ 14. Qf2 Qxe4 15. Nd2 Qc2 16. Ne2 e4 17. Rc1 Qxa4 18. 0-0 f5 19. Nf4 b5 20. Bd4 Qxb4 21. Bxg7 Kxg7 22. cxb5 Rfc8 23. Rb1 Qc3 24. bxa6 e3 25. Qh4 Qf6 26. Qxf6+ Kxf6 27. Nf3 Rxa6 28. Rfe1 g5 29. Ne2 Ra5 30. Nc3 f4 31. Ne4+ Kg6 32. Nfxg5 Rxd5 33. Rbc1 Rxg5 34. Nxg5 Kxg5 35. g3 c6 36. gxf4+ Kxf4 37. Rc4+ Kf3 38. Rf1+ Ke2 39. Re4 0-1

[Event "Goch op 24th"]
[Site "Goch"]
[Date "2013.09.06"]
[Round "2"]
[White "Arts, Stefan"]
[Black "Spenk, Willi"]
[Result "1-0"]
[WhiteElo "1891"]
[BlackElo "1703"]
[PlyCount "77"]
[EventDate "2013.09.05"]
[EventType "swiss"]
[EventRounds "7"]
[EventCountry "GER"]
[SourceTitle "EXT 2015"]
[Source "ChessBase"]
[SourceDate "2014.11.20"]
[SourceVersion "1"]
[SourceVersionDate "2014.11.20"]
[SourceQuality "1"]

1. e4 d6 2. d4 g6 3. Be3 Nf6 4. f3 Bg7 5. Qd2 0-0 6. Bh6 e5 7. d5 Nxe4 8. fxe4 Qh4+ 9. g3 Qxh6 10. Bg2 Qxd2+ 11. Nxd2 Nd7 12. 0-0-0 Nc5 13. b4 Na6 14. a3 c5 15. dxc6 bxc6 16. Nc4 Rd8 17. Nf3 Be6 18. Nxd6 Nc7 19. Nb7 Rxd1+ 20. Rxd1 Nb5 21. Kb2 Nd4 22. c3 Nxf3 23. Bxf3 Bf8 24. Nd8 c5 25. Nxe6 fxe6 26. Rd7 cxb4 27. axb4 a5 28. b5 a4 29. b6 a3+ 30. Ka1 Rc8 31. b7 Rb8 32. Bg4 Bc5 33. Bxe6+ Kh8 34. c4 Rf8 35. Rf7 Rd8 36. Bd5 Rb8 37. Rc7 Bd6 38. Rc8+ Kg7 39. c5 1-0

[Event "Goch op 22nd"]
[Site "Goch"]
[Date "2011.10.01"]
[Round "4"]
[White "Bettman, Jan"]
[Black "Spenk, Willi"]
[Result "1-0"]
[WhiteElo "1890"]
[BlackElo "1747"]
[PlyCount "51"]
[EventDate "2011.09.29"]
[EventType "swiss"]
[EventRounds "7"]
[EventCountry "GER"]
[SourceTitle "EXT 2014"]
[Source "ChessBase"]
[SourceDate "2013.11.20"]
[SourceVersion "1"]
[SourceVersionDate "2013.11.20"]
[SourceQuality "1"]

1. e4 d6 2. d4 g6 3. h4 Nf6 4. h5 Bg4 5. f3 Bd7 6. hxg6 fxg6 7. Nc3 c6 8. Bd3 Qb6 9. Nge2 Na6 10. e5 dxe5 11. dxe5 Nd5 12. Bxg6+ Kd8 13. e6 Bxe6 14. Nf4 Bg8 15. Nfxd5 cxd5 16. Nxd5 Qxg6 17. Nf6+ Kc7 18. Qd7+ Kb6 19. Rh5 e5 20. Ne4 Qc6 21. Be3+ Bc5 22. Rh6 Bxe3 23. Rxc6+ bxc6 24. a4 Nc7 25. a5+ Kb7 26. Nd6+ 1-0

[Event "Dortmund Sparkassen op-B"]
[Site "Dortmund"]
[Date "2010.07.19"]
[Round "3"]
[White "Puetter, Pascal"]
[Black "Spenk, Willi"]
[Result "1-0"]
[WhiteElo "1971"]
[BlackElo "1740"]
[PlyCount "69"]
[EventDate "2010.07.17"]
[EventType "swiss"]
[EventRounds "9"]
[EventCountry "GER"]
[SourceTitle "EXT 2014"]
[Source "ChessBase"]
[SourceDate "2013.11.20"]
[SourceVersion "1"]
[SourceVersionDate "2013.11.20"]
[SourceQuality "1"]

1. e4 d6 2. d4 g6 3. Nc3 Bg7 4. Be3 Nf6 5. Be2 Nbd7 6. h3 a6 7. a4 b6 8. Bf3 Bb7 9. Qd2 b5 10. e5 Bxf3 11. exf6 Bxg2 12. fxg7 Rg8 13. Rh2 Bb7 14. axb5 axb5 15. Rxa8 Qxa8 16. Nxb5 Qa1+ 17. Qc1 Qa5+ 18. Nc3 Rxg7 19. Nge2 c5 20. f4 f5 21. dxc5 Nxc5 22. Bxc5 Qxc5 23. Qd2 e5 24. Rf2 Re7 25. Qd3 Kf8 26. Qb5 Qe3 27. fxe5 Rxe5 28. Qxb7 Qc1+ 29. Nd1 Qxc2 30. Qb8+ Ke7 31. Qa7+ Kf6 32. Qd4 Ke7 33. Qh4+ Ke6 34. Qxh7 Rd5 35. Nf4+ 1-0

[Event "Muensterland Verbandsklasse-A 0708"]
[Site "Germany"]
[Date "2008.01.26"]
[Round "5.6"]
[White "Diehlmann, Christian"]
[Black "Spenk, Willi"]
[Result "1/2-1/2"]
[WhiteElo "1885"]
[BlackElo "1661"]
[PlyCount "75"]
[EventDate "2007.09.22"]
[EventType "team"]
[EventRounds "9"]
[EventCountry "GER"]
[SourceTitle "EXT 2009"]
[Source "ChessBase"]
[SourceDate "2008.11.26"]
[SourceVersion "1"]
[SourceVersionDate "2008.11.26"]
[SourceQuality "1"]
[WhiteTeam "Ahaus Wessum"]
[BlackTeam "Buldern"]
[WhiteTeamCountry "GER"]
[BlackTeamCountry "GER"]

1. d4 d6 2. c4 g6 3. Nc3 Bg7 4. Nf3 Nf6 5. b4 0-0 6. Bb2 b6 7. e3 Bb7 8. Be2 c5 9. bxc5 bxc5 10. 0-0 cxd4 11. exd4 Nbd7 12. Re1 Rb8 13. Rb1 Qc8 14. Nd2 Nb6 15. a4 Re8 16. Qc2 e5 17. Nb5 Qd7 18. a5 Nc8 19. dxe5 dxe5 20. Bf3 a6 21. Bxe5 Rxe5 22. Rxe5 Bxf3 23. Nxf3 axb5 24. Rexb5 Rxb5 25. cxb5 Nd6 26. Qc6 Qf5 27. Rb3 Nfe4 28. Qb6 Qd5 29. Qd8+ Bf8 30. Rb1 Qa2 31. Rf1 Nxb5 32. Ne5 Kg7 33. Qd3 Nbd6 34. f3 Qxa5 35. Qd4 Qc5 36. Rd1 Qxd4+ 37. Rxd4 Nc3 38. Rd3 1/2-1/2

[Event "Moehnesee Cup-B"]
[Site "Moehnesee"]
[Date "2005.08.21"]
[Round "7"]
[White "Spenk, Willi"]
[Black "Hoette, Rainer"]
[Result "1/2-1/2"]
[WhiteElo "1555"]
[BlackElo "1690"]
[PlyCount "43"]
[EventDate "2005.08.18"]
[EventType "swiss"]
[EventRounds "7"]
[EventCountry "GER"]
[SourceTitle "CBM 108 Extra"]
[Source "ChessBase"]
[SourceDate "2005.11.04"]
[SourceVersion "1"]
[SourceVersionDate "2005.11.04"]
[SourceQuality "1"]

1. e4 e6 2. Nf3 d5 3. exd5 exd5 4. d4 Nf6 5. Be2 Bd6 6. Bg5 Be6 7. Nc3 c6 8. Qd2 Nbd7 9. Bf4 Qc7 10. Bxd6 Qxd6 11. Qg5 0-0-0 12. 0-0-0 h6 13. Qd2 Ne4 14. Qe3 f5 15. Ne5 f4 16. Nxe4 dxe4 17. Qxf4 Rdf8 18. Qe3 Bxa2 19. Nxd7 Kxd7 20. b3 Qa3+ 21. Kd2 Qa5+ 22. Kc1 1/2-1/2

[Event "Moehnesee Cup-B"]
[Site "Moehnesee"]
[Date "2005.08.19"]
[Round "2"]
[White "Peutz, Arne"]
[Black "Spenk, Willi"]
[Result "1-0"]
[WhiteElo "1681"]
[BlackElo "1555"]
[PlyCount "65"]
[EventDate "2005.08.18"]
[EventType "swiss"]
[EventRounds "7"]
[EventCountry "GER"]
[SourceTitle "CBM 108 Extra"]
[Source "ChessBase"]
[SourceDate "2005.11.04"]
[SourceVersion "1"]
[SourceVersionDate "2005.11.04"]
[SourceQuality "1"]

1. d4 d6 2. Nf3 g6 3. c4 Bg7 4. e3 Nf6 5. Nc3 0-0 6. Be2 c5 7. 0-0 Bf5 8. Qb3 Qc7 9. d5 Nbd7 10. Nh4 Ne5 11. Nxf5 gxf5 12. Qc2 e6 13. f4 Neg4 14. h3 Nh6 15. Rd1 Kh8 16. dxe6 fxe6 17. Nb5 Qe7 18. Nxd6 Rad8 19. Nb5 Ne4 20. Bd2 Ng3 21. Bf3 a6 22. Nc3 Bf6 23. Be1 Rxd1 24. Rxd1 Rg8 25. Rd3 Rg7 26. Qd2 Ne4 27. Nxe4 fxe4 28. Bxe4 Nf5 29. Bxf5 exf5 30. b3 Qe4 31. Qe2 Bd4 32. Bc3 Bxc3 33. Rxc3 1-0

[Event "Balatonlelle op"]
[Site "Balatonlelle"]
[Date "2005.06.18"]
[Round "1"]
[White "Szell, Lajos"]
[Black "Spenk, Willi"]
[Result "1-0"]
[WhiteElo "2233"]
[BlackElo "1761"]
[PlyCount "35"]
[EventDate "2005.06.18"]
[EventType "swiss"]
[EventRounds "9"]
[EventCountry "HUN"]
[SourceTitle "EXT 2008"]
[Source "ChessBase"]
[SourceDate "2007.11.25"]
[SourceVersion "1"]
[SourceVersionDate "2007.11.25"]
[SourceQuality "1"]

1. e4 d6 2. Nc3 g6 3. Bc4 Bg7 4. f4 Nc6 5. Nf3 e5 6. fxe5 Nxe5 7. Nxe5 dxe5 8. d3 Nf6 9. Bg5 Bg4 10. Bxf6 Qd7 11. Bxg7 Bxd1 12. Bxh8 Bxc2 13. Rc1 Ba4 14. Nxa4 Qxa4 15. 0-0 0-0-0 16. Bxe5 Qa5 17. d4 Qd2 18. Bxf7 1-0

[Event "Duisburg Grossenbaum op"]
[Site "Duisburg"]
[Date "2005.05.14"]
[Round "2"]
[White "Spenk, Willi"]
[Black "Halfmann, Peter"]
[Result "1-0"]
[WhiteElo "1761"]
[BlackElo "1628"]
[PlyCount "47"]
[EventDate "2005.05.13"]
[EventType "swiss"]
[EventRounds "7"]
[EventCountry "GER"]
[SourceTitle "EXT 2006"]
[Source "ChessBase"]
[SourceDate "2005.11.24"]
[SourceVersion "1"]
[SourceVersionDate "2005.11.24"]
[SourceQuality "1"]

1. e4 c5 2. Nf3 Nf6 3. Nc3 Nc6 4. Bb5 Nd4 5. Bc4 b5 6. Nxb5 Nxb5 7. Bxb5 Nxe4 8. 0-0 Nd6 9. Be2 Qb6 10. d4 cxd4 11. Qxd4 Qxd4 12. Nxd4 Bb7 13. Bf4 e6 14. Rfd1 0-0-0 15. Rd3 Bd5 16. Bf3 Ne4 17. Re1 f5 18. b3 Bb4 19. Ree3 Rde8 20. Nxf5 exf5 21. Rxd5 g5 22. Be5 Rhf8 23. Bxe4 fxe4 24. Rb5 1-0

[Event "Bad Woerishofen op 19th"]
[Site "Bad Woerishofen"]
[Date "2003.03.19"]
[Round "7"]
[White "Spenk, Willi"]
[Black "Harting, Andreas"]
[Result "0-1"]
[WhiteElo "1570"]
[BlackElo "1841"]
[PlyCount "98"]
[EventDate "2003.03.13"]
[EventType "swiss"]
[EventRounds "9"]
[EventCountry "GER"]
[SourceTitle "CBM 093 Extra"]
[Source "ChessBase"]
[SourceDate "2003.05.09"]
[SourceVersion "1"]
[SourceVersionDate "2003.05.09"]
[SourceQuality "1"]

1. e4 c6 2. d4 d5 3. exd5 cxd5 4. Nf3 Bg4 5. Be2 Nf6 6. Ne5 Bxe2 7. Qxe2 a6 8. Nc3 e6 9. Bg5 Bb4 10. 0-0 Bxc3 11. bxc3 0-0 12. f4 Nbd7 13. Rf3 Qc7 14. Nxd7 Nxd7 15. f5 exf5 16. Rxf5 Qxc3 17. Raf1 Qxd4+ 18. Be3 Qe4 19. R1f4 Qe6 20. Qf3 Ne5 21. Qf2 b6 22. Bd4 Ng6 23. Rf3 Rae8 24. Re3 Qd7 25. Bxb6 Rxe3 26. Bxe3 Rb8 27. h3 Rb1+ 28. Kh2 Qc7+ 29. g3 Rb5 30. Bd4 Nf8 31. Rf3 Ne6 32. Rc3 Qb7 33. Rb3 Qc7 34. Rc3 Qd7 35. Qe3 Rb4 36. Rb3 Rxb3 37. axb3 Qb5 38. Bb2 h6 39. Kg2 a5 40. Qe5 Qc6 41. Qc3 Qb7 42. Qxa5 d4+ 43. Kf2 Qe4 44. Qd2 Ng5 45. Qe2 Nxh3+ 46. Ke1 Qd5 47. Kd2 Qg5+ 48. Kd1 Qd5 49. Qg4 Nf2+ 0-1

[Event "Bad Woerishofen op 19th"]
[Site "Bad Woerishofen"]
[Date "2003.03.14"]
[Round "2"]
[White "Boettcher, Ulrich"]
[Black "Spenk, Willi"]
[Result "1-0"]
[WhiteElo "2023"]
[BlackElo "1570"]
[PlyCount "61"]
[EventDate "2003.03.13"]
[EventType "swiss"]
[EventRounds "9"]
[EventCountry "GER"]
[SourceTitle "CBM 093 Extra"]
[Source "ChessBase"]
[SourceDate "2003.05.09"]
[SourceVersion "1"]
[SourceVersionDate "2003.05.09"]
[SourceQuality "1"]

1. d4 d6 2. c4 g6 3. Nc3 Bg7 4. e4 Nf6 5. f3 0-0 6. Be3 e5 7. Nge2 Nbd7 8. Qd2 Nh5 9. g4 exd4 10. Nxd4 Nhf6 11. 0-0-0 Ne5 12. Be2 a5 13. Bh6 Be6 14. Nxe6 fxe6 15. h4 Ne8 16. Bxg7 Nxg7 17. f4 Nf7 18. h5 gxh5 19. gxh5 Qf6 20. h6 Ne8 21. f5 Ne5 22. fxe6 Qxe6 23. Nd5 Ng6 24. Bh5 Qxe4 25. Bxg6 hxg6 26. Qc3 Qe5 27. Qd3 Qg5+ 28. Kb1 Qf5 29. Ne7+ Kh7 30. Nxf5 Rxf5 31. Rde1 1-0